| 000 | 00860nam a22002297a 4500 | ||
|---|---|---|---|
| 999 |
_c20012 _d20012 |
||
| 003 | AR-CdUCM | ||
| 008 | 190524b ||||| |||| 00| 0 spa d | ||
| 040 |
_aMUNICIPALIDAD PROVINCIAL DEL CUSCO _cBIBLIOTECA MUNICIPAL DEL CUSCO |
||
| 041 | _heng | ||
| 082 |
_a615.3 / _bB23 |
||
| 100 |
_aBarrett, James T. _941857 |
||
| 245 |
_aInmunologia : _bIntroducción a la inmunoquímica y a la inmunología / |
||
| 260 |
_aMéxico D. F. : _bInteramericana, _c1970. |
||
| 300 |
_a309 páginas ; _c26 cm. |
||
| 505 | _aContenido: Fundamentos de la inmunología -- Serologia -- Inmunidad -- Iniciadores de la respuesta de anticuerpos -- Reacciones serológicas... | ||
| 650 |
_aInmunología _921086 |
||
| 650 |
_aAutoalergia _941858 |
||
| 650 |
_aMacromoleculas _918734 |
||
| 700 |
_aFolch Fabre, Roberto(traducción) _941859 |
||
| 942 |
_2ddc _cLIBROS |
||
| 945 | _aAndy | ||